01250nam a2200277Ia 4500001000700000008004100007020002200048082001900070100003100089245021700120250001100337260002700348300001100375440001900386500011200405503005000517650005200567650004300619650003800662700015900700901001900859902000600878905006300884942000600947999001900953Z_6624220601s9999 xx 000 0 und d a978-607-15-0270-4 a519.2 S65 2010 aSpiegel, Murray R.9109217 aProbabilidad y estadística / Murray R. Spiegel ... [et al]; revisión técnica Raúl Gómez Castillo y Hever Honorato Cervantes; traducción María del Carmen Enriqueta Hano Roa y Gabriel Nagore Cázares a3a ed. aMéxico : McGraw-Hill a425 p. aSchaum9102914 aTraducción de la obra en ingléa: Schaum´s outline of theory and problems of probability and statistics aej.1: consumo \ ej.2: consumo \ ej.3: consumo a1. Probabilidad -- Problemas, ejercicios, etc.  aProbabilidad -- Estudio y enseñanza  aEstadística matemática938261 aGómez Castillo, Raúl, rev. \ Honorato Cervantes, Hever, rev. \ Hano Roa, María del Carmen Enriqueta, tr. \ Nagore Cázares, Gabriel, tr.Ì9184042 a519.2 S65 2010 aA a523227 2010 mx mnt 8221113311spa16 c1 c217154d217154